Capitals Beginning with L - Statistics

General Stats
  • This quiz has been taken 592 times
  • The average score is 8 of 11
Answer Stats
Capital % Correct
London
87%
Lisbon
85%
Lima
84%
Luanda
82%
Luxembourg City
82%
Lusaka
73%
Ljubljana
70%
Lomé
70%
Lilongwe
65%
Libreville
59%
La Paz
57%
No matching quizzes found
Score Distribution
Percent of People with Each Score
Percentile by Number Answered
Your Score History
You have not taken this quiz